| 000 | 01602cam a2200361 a 4500 | ||
|---|---|---|---|
| 001 | 13884455 | ||
| 003 | OSt | ||
| 005 | 20170105101208.0 | ||
| 008 | 050228s2006 cau b 000 0 eng | ||
| 010 | _a 2005923121 | ||
| 020 | _a0534631894 | ||
| 040 |
_aDLC _cDLC _dDLC |
||
| 042 | _apcc | ||
| 050 | 0 | 0 |
_aJZ1242 _b.C53 2006 |
| 082 | 0 | 0 |
_a327 _222 |
| 245 | 0 | 0 |
_aClassic readings and contemporary debates in international relations / _cedited by Phil Williams, Donald M. Goldstein, Jay M. Shafritz. |
| 250 | _a3rd ed. | ||
| 260 |
_aBelmont, CA : _bThomson Wadsworth, _cc2006. |
||
| 300 |
_axx, 716 p. ; _c24 cm. |
||
| 500 | _aUpdated ed. of: Classic readings of international relations. 2nd ed. 1999. | ||
| 504 | _aIncludes bibliographical references. | ||
| 650 | 0 | _aInternational relations. | |
| 700 | 1 |
_aWilliams, Phil, _d1948- |
|
| 700 | 1 | _aGoldstein, Donald M. | |
| 700 | 1 | _aShafritz, Jay M. | |
| 730 | 0 | _aClassic readings of international relations. | |
| 856 | 4 | 2 |
_3Contributor biographical information _uhttp://www.loc.gov/catdir/enhancements/fy1103/2005923121-b.html |
| 856 | 4 | 2 |
_3Publisher description _uhttp://www.loc.gov/catdir/enhancements/fy1103/2005923121-d.html |
| 856 | 4 | 1 |
_3Table of contents only _uhttp://www.loc.gov/catdir/enhancements/fy1215/2005923121-t.html |
| 906 |
_a7 _bcbc _corignew _d2 _eepcn _f20 _gy-gencatlg |
||
| 942 |
_2ddc _cBK |
||
| 999 |
_c3072 _d3072 |
||